00526nam a2200121Ia 4500082001200000100007900012245010800091260006300199300000900262504003900271650004500310650004900355 aRD.0212 aDandekar, Vandana S.uIntamanrao college of commerecevSangli, Maharashtra 0aDynamics of changeb: a socio-economic perspective of students at the entry point of M.B.B.S. education c2008bIndian Council of Social Science ResearchaNew Delhi a448p aincludes appendix and bibliography aEducationvEconomic aspectszMaharashtra aStudentsvSocio-economic statuszMaharashtra